000 00294nam a2200133Ia 4500
008 260604s9999 xx 000 0 und d
020 _a9781544362717
082 _a174 FIS
100 _aFISHER
_935121
245 0 _aDECODING THE ETHICS CODE
260 _bSAGE
500 _aEthics
942 _cBK
999 _c7879
_d7879